000 00724nam a2200289Ia 4500
005 20260324125116.0
008 008 260324s9999 xx 000 0 eng d
020 _a9781315246727
037 _aEBOOK
040 _aCRL
040 _beng
040 _cCRL
041 _2eng
041 _aeng
084 _qCRL
100 _aJoerg Knieling; Frank Othengrafen
_91176726
245 0 _aPlanning Cultures in Europe
245 0 _bDecoding Cultural Phenomena in Urban and Regional Planning
260 _bTaylor and Francis
260 _c2009
365 _a
365 _b240
856 _uhttp://www.taylorfrancis.com/books/9781315246727
942 _cEBOOK
999 _c1771688
_d1771688